[Event "20. Torneo San Viator 2013"]
[Site "Madrid ESP"]
[Date "2013.04.28"]
[Round "4.5"]
[White "Sotoca Aguado, Jose"]
[Black "Gutierrez Mordini, Pablo"]
[Result "0-1"]
[WhiteElo "1976"]
[BlackElo "1696"]
[PlyCount "130"]
[EventDate "2013.04.07"]
[EventType "swiss"]
[EventRounds "9"]
[EventCountry "ESP"]
[Source "lmi"]
[SourceDate "2013.04.07"]

1. d4 d5 2. Nf3 Nf6 3. Bg5 e6 4. e3 Be7 5. Bd3 Nbd7 6. O-O O-O 7. Nbd2 c5 8. c3
h6 9. Bf4 Nh5 10. Re1 Nxf4 11. exf4 Nf6 12. Ne5 Qb6 13. g4 Nd7 14. g5 Nxe5 15.
dxe5 g6 16. gxh6 c4 17. Bc2 Qxb2 18. Re3 Kh7 19. Nf3 Kxh6 20. Nd4 Kg7 21. Rg3
Bc5 22. h4 Rh8 23. Rb1 Qxa2 24. h5 Bxd4 25. cxd4 Rh6 26. hxg6 fxg6 27. f5 exf5
28. Qc1 Qa6 29. Qg5 Qe6 30. Qd8 Rh8 31. Qc7+ Kf8 32. Rb5 b6 33. Qd8+ Kg7 34.
Qc7+ Qd7 35. Qd6 Qxd6 36. exd6 Bd7 37. Rb1 Rae8 38. Ra3 Ra8 39. Bd1 Kf6 40. Bf3
Bc6 41. Bg2 Ke6 42. Rg3 Rhg8 43. Rh3 Rg7 44. Re3+ Kxd6 45. Rbe1 a5 46. Re6+ Kd7
47. Rf6 Bb7 48. Rxb6 Kc7 49. Rb5 Bc6 50. Rc5 Rd7 51. Re6 Rd6 52. Re5 Kb6 53.
Re1 a4 54. Rb1+ Kc7 55. Kh2 g5 56. Kg3 a3 57. Bh3 a2 58. Ra1 Ra3+ 59. Kh2 g4
60. Bg2 f4 61. Bf1 Rh6+ 62. Kg1 f3 63. Bxc4 dxc4 64. Rxc4 Rh5 65. Rc2 Ra8 0-1

[Event "20. Torneo San Viator 2013"]
[Site "Madrid ESP"]
[Date "2013.04.28"]
[Round "4.6"]
[White "Barahona Torrijos, Angel"]
[Black "Villanueva Ortega, Ruben"]
[Result "1/2-1/2"]
[WhiteElo "1885"]
[BlackElo "1610"]
[PlyCount "101"]
[EventDate "2013.04.07"]
[EventType "swiss"]
[EventRounds "9"]
[EventCountry "ESP"]
[Source "lmi"]
[SourceDate "2013.04.07"]

1. e4 c5 2. a3 Nc6 3. b4 cxb4 4. axb4 Nxb4 5. Ra4 e5 6. Nf3 Nf6 7. Nc3 Bc5 8.
Ba3 Qe7 9. Bxb4 Bxb4 10. Nb5 O-O 11. Nxa7 Nxe4 12. c3 Nxf2 13. Kxf2 Bc5+ 14. d4
Rxa7 15. dxc5 Qxc5+ 16. Kg3 Rxa4 17. Qxa4 d5 18. Qb4 Qc7 19. Kf2 e4 20. Nd4
Qf4+ 21. Ke1 Qc1+ 22. Kf2 Qd2+ 23. Ne2 Bf5 24. Qd4 Qa2 25. Ke3 Be6 26. Ng3 f5
27. Nh5 f4+ 28. Nxf4 g5 29. Ne2 Qa1 30. Qe5 d4+ 31. Qxd4 Rxf1 32. Rxf1 Qxf1 33.
Qxe4 Qf7 34. Qe5 h6 35. Nd4 Bc8 36. Nb5 Qe6 37. Kd4 Qb6+ 38. Kc4 Be6+ 39. Kb4
Qc6 40. Qc7 Qxg2 41. Qd8+ Kg7 42. Qe7+ Bf7 43. Qe5+ Kg8 44. Nd6 Qb2+ 45. Kc5
Qa3+ 46. Kb6 Qa6+ 47. Kc7 Qc6+ 48. Kb8 b5 49. Qe7 Qb6+ 50. Kc8 Qc6+ 51. Kb8
1/2-1/2

[Event "20. Torneo San Viator 2013"]
[Site "Madrid ESP"]
[Date "2013.04.28"]
[Round "4.7"]
[White "Gutierrez Diaz, Pablo"]
[Black "Gomez Dorado, Ernesto"]
[Result "0-1"]
[WhiteElo "1641"]
[BlackElo "1769"]
[PlyCount "62"]
[EventDate "2013.04.07"]
[EventType "swiss"]
[EventRounds "9"]
[EventCountry "ESP"]
[Source "lmi"]
[SourceDate "2013.04.07"]

1. e4 c5 2. Nf3 d6 3. d4 cxd4 4. Nxd4 Nf6 5. f3 a6 6. c4 Nc6 7. Be3 g6 8. Nc3
Bg7 9. Qd2 O-O 10. O-O-O Nxd4 11. Bxd4 Be6 12. g4 Qa5 13. b3 b5 14. cxb5 axb5
15. Bxb5 Rfc8 16. Ba4 Nxe4 17. fxe4 Bxd4 18. Qxd4 Rxc3+ 19. Kb2 Rcc8 20. Rc1
Rcb8 21. Kc2 Rb4 22. Qe3 Qe5 23. Rhe1 Raxa4 24. bxa4 Qb2+ 25. Kd3 Qxa2 26. Qd2
Qxa4 27. Ra1 Rd4+ 28. Ke3 Rxe4+ 29. Kf2 Rf4+ 30. Kg3 Rxg4+ 31. Kf3 Qc6+ 0-1

[Event "20. Torneo San Viator 2013"]
[Site "Madrid ESP"]
[Date "2013.04.28"]
[Round "4.9"]
[White "Hernandez Mateo, Borja"]
[Black "Fernandez Garcia, Javier"]
[Result "1-0"]
[WhiteElo "1789"]
[BlackElo "2028"]
[PlyCount "81"]
[EventDate "2013.04.07"]
[EventType "swiss"]
[EventRounds "9"]
[EventCountry "ESP"]
[Source "lmi"]
[SourceDate "2013.04.07"]

1. e4 e6 2. d3 d5 3. Nd2 Nf6 4. Ngf3 b6 5. e5 Nfd7 6. d4 c5 7. c3 Be7 8. Bd3
Ba6 9. Nf1 Bxd3 10. Qxd3 Nc6 11. Bd2 Rc8 12. Ng3 cxd4 13. cxd4 Nb4 14. Bxb4
Bxb4+ 15. Nd2 O-O 16. O-O b5 17. a3 Bxd2 18. Qxd2 Qb6 19. Rfd1 Rc7 20. Nh5 f6
21. exf6 Nxf6 22. Nxf6+ Rxf6 23. Rac1 Rff7 24. Qe3 Rc4 25. b3 Rcc7 26. Re1 h6
27. g3 Rf6 28. Rxc7 Qxc7 29. Rc1 Qd6 30. b4 Rf7 31. Rc8+ Rf8 32. Rc5 Rb8 33.
Qc3 Rb7 34. Qd3 Qd7 35. Qc2 Qe7 36. Rc8+ Kf7 37. h4 e5 38. Qf5+ Qf6 39. Qh5+ g6
40. Qxh6 Ke6 41. Rc6+ 1-0

[Event "20. Torneo San Viator 2013"]
[Site "Madrid ESP"]
[Date "2013.04.28"]
[Round "4.10"]
[White "Martin Hernandez, Vicente"]
[Black "Moreno Zamora, Gregorio"]
[Result "1-0"]
[WhiteElo "2005"]
[BlackElo "1725"]
[PlyCount "73"]
[EventDate "2013.04.07"]
[EventType "swiss"]
[EventRounds "9"]
[EventCountry "ESP"]
[Source "lmi"]
[SourceDate "2013.04.07"]

1. d4 d5 2. c4 e6 3. Nc3 c6 4. Nf3 Nf6 5. Bg5 dxc4 6. a4 Bb4 7. Rc1 Qa5 8. Bxf6
gxf6 9. g3 b5 10. axb5 cxb5 11. Bg2 Bb7 12. O-O Nd7 13. Qd2 h5 14. h4 a6 15.
Qf4 Bxc3 16. bxc3 Qd8 17. e4 Qb8 18. e5 Qc7 19. Ra1 fxe5 20. Nxe5 Nxe5 21. Bxb7
Qxb7 22. Qxe5 Rh7 23. Rfd1 Qd5 24. Qc7 Qd7 25. Qb6 Qa7 26. Qc6+ Kf8 27. d5 Rh6
28. d6 Kg7 29. d7 Rhh8 30. Rd6 Qb8 31. Rad1 Rd8 32. Qc5 Ra7 33. Qxh5 Qc7 34.
Qg5+ Kh7 35. h5 Raa8 36. Qf6 Rf8 37. h6 1-0

[Event "20. Torneo San Viator 2013"]
[Site "Madrid ESP"]
[Date "2013.04.28"]
[Round "4.11"]
[White "Garcia-Ruiz Fuentes, Angel M"]
[Black "San Felipe Gonzalez, Tomas"]
[Result "1-0"]
[WhiteElo "1952"]
[BlackElo "1649"]
[PlyCount "91"]
[EventDate "2013.04.07"]
[EventType "swiss"]
[EventRounds "9"]
[EventCountry "ESP"]
[Source "lmi"]
[SourceDate "2013.04.07"]

1. e4 c5 2. Nf3 a6 3. Nc3 Nc6 4. d4 cxd4 5. Nxd4 e5 6. Nf5 d6 7. Ne3 Nf6 8. a4
Be6 9. Bc4 Be7 10. O-O O-O 11. Ned5 Rc8 12. Be3 Bxd5 13. Bxd5 Qc7 14. Bg5 Nd7
15. Bxc6 Bxg5 16. Bxd7 Qxd7 17. Nd5 Qc6 18. c3 Rfe8 19. Qg4 Be7 20. Rfd1 b5 21.
axb5 axb5 22. Ra7 Bd8 23. Qf5 Rf8 24. Rd7 g6 25. Qh3 Kg7 26. Ra1 Ra8 27. Raa7
Rxa7 28. Rxa7 Bb6 29. Qd7 Qc5 30. Nxb6 Qxb6 31. Rb7 Qa5 32. Qxb5 Qa1+ 33. Qf1
Qa8 34. Rb4 f5 35. Qe1 fxe4 36. Rxe4 Rb8 37. b4 Rc8 38. Re3 Qa3 39. h3 Qb2 40.
Rd3 Rc6 41. Qe3 Qa1+ 42. Kh2 Qa6 43. f4 exf4 44. Qd4+ Kg8 45. Qd5+ Kg7 46. b5
1-0

[Event "20. Torneo San Viator 2013"]
[Site "Madrid ESP"]
[Date "2013.04.28"]
[Round "4.12"]
[White "Rosa Ramirez, Victor D"]
[Black "Rottenwoerer, Christoph"]
[Result "1-0"]
[WhiteElo "1945"]
[BlackElo "1615"]
[PlyCount "61"]
[EventDate "2013.04.07"]
[EventType "swiss"]
[EventRounds "9"]
[EventCountry "ESP"]
[Source "lmi"]
[SourceDate "2013.04.07"]

1. e4 c5 2. c3 Qa5 3. Na3 e6 4. e5 Nc6 5. Nc4 Qc7 6. d4 b5 7. Na3 a6 8. Nc2
Nge7 9. Ne3 cxd4 10. cxd4 Nb4 11. a3 Nbd5 12. Bd3 Bb7 13. Nf3 Nxe3 14. fxe3 Bd5
15. O-O Bc4 16. Bxc4 Qxc4 17. Ng5 Nf5 18. Nxf7 Kxf7 19. e4 g6 20. Qf3 Qxd4+ 21.
Be3 Qxe5 22. exf5 exf5 23. Qxa8 Bc5 24. Qb7 Bxe3+ 25. Kh1 Rd8 26. Rad1 Bd4 27.
Rfe1 Qd6 28. Qf3 Qb6 29. Qd5+ Qe6 30. Rxe6 dxe6 31. Qxd8 1-0

[Event "20. Torneo San Viator 2013"]
[Site "Madrid ESP"]
[Date "2013.04.28"]
[Round "4.13"]
[White "Rodriguez Alonso, Marcos"]
[Black "Camarero Izquierdo, Juan Carlos"]
[Result "0-1"]
[WhiteElo "1637"]
[BlackElo "1934"]
[PlyCount "76"]
[EventDate "2013.04.07"]
[EventType "swiss"]
[EventRounds "9"]
[EventCountry "ESP"]
[Source "lmi"]
[SourceDate "2013.04.07"]

1. e4 c6 2. d4 d5 3. exd5 cxd5 4. Bd3 Nc6 5. c3 Nf6 6. Ne2 Bg4 7. f3 Bh5 8. Bf4
e6 9. Nd2 Bd6 10. Nb3 O-O 11. O-O Qc7 12. Bxd6 Qxd6 13. Ng3 Ne7 14. Re1 Bg6 15.
Bxg6 Nxg6 16. Nc5 b5 17. a4 Rfb8 18. axb5 Rxb5 19. Ra6 Qc7 20. Qe2 Rb6 21. Rea1
Rxa6 22. Rxa6 h5 23. b4 h4 24. Nf1 e5 25. b5 exd4 26. cxd4 Re8 27. Qa2 Qf4 28.
Qd2 Qb8 29. Qb2 Re1 30. Kf2 Re7 31. Kg1 Nf4 32. Qb3 Ne2+ 33. Kh1 Nxd4 34. Qa2
Qxb5 35. Qa1 Qxc5 36. Ra5 Qb4 37. Ra4 Re1 38. Rxb4 Rxa1 0-1

[Event "20. Torneo San Viator 2013"]
[Site "Madrid ESP"]
[Date "2013.04.28"]
[Round "4.14"]
[White "Linares Leyva, David"]
[Black "Tipter, Napoleon"]
[Result "0-1"]
[WhiteElo "1904"]
[BlackElo "1964"]
[PlyCount "78"]
[EventDate "2013.04.07"]
[EventType "swiss"]
[EventRounds "9"]
[EventCountry "ESP"]
[Source "lmi"]
[SourceDate "2013.04.07"]

1. d4 Nf6 2. c4 e6 3. Nc3 Bb4 4. e3 b6 5. Bd3 Nc6 6. Nge2 Ba6 7. O-O h5 8. a3
Bxc3 9. Nxc3 Na5 10. Qe2 Rc8 11. b4 Nb3 12. Rb1 Nxc1 13. Rbxc1 c5 14. d5 Ng4
15. Ne4 d6 16. dxe6 fxe6 17. f4 Bb7 18. Ng5 Qf6 19. Rfe1 g6 20. Qc2 Ke7 21. Be4
d5 22. cxd5 exd5 23. Bf3 Ne5 24. Qb3 c4 25. Qa4 Nd3 26. Qxa7 Qc6 27. b5 Qc7 28.
Qa4 Ra8 29. Qc2 Qc5 30. Qc3 Rhg8 31. Nh7 Qd6 32. Rcd1 Rxa3 33. Qd4 Nxe1 34.
Rxe1 Rd3 35. Qa1 c3 36. Bd1 Ra8 37. Qb1 Rd2 38. Bc2 Qa3 39. Bxg6 Qb2 0-1

[Event "20. Torneo San Viator 2013"]
[Site "Madrid ESP"]
[Date "2013.04.28"]
[Round "4.15"]
[White "Hidalgo Prado, David"]
[Black "Garcia Sanjuan, Jose"]
[Result "0-1"]
[WhiteElo "1397"]
[BlackElo "1877"]
[PlyCount "46"]
[EventDate "2013.04.07"]
[EventType "swiss"]
[EventRounds "9"]
[EventCountry "ESP"]
[Source "lmi"]
[SourceDate "2013.04.07"]

1. e4 b6 2. d4 Bb7 3. Bd3 Nf6 4. Nc3 e6 5. Nf3 d5 6. Bg5 Be7 7. Bxf6 Bxf6 8. e5
Be7 9. a3 c5 10. Be2 Nc6 11. Qd2 a6 12. Na4 cxd4 13. b4 Qc7 14. c3 b5 15. Nb2
dxc3 16. Qxc3 Rc8 17. Qe3 Qd8 18. Nd4 Qb6 19. Rd1 Nxd4 20. Rxd4 O-O 21. Bd3 f6
22. f4 fxe5 23. fxe5 Bg5 0-1

[Event "20. Torneo San Viator 2013"]
[Site "Madrid ESP"]
[Date "2013.04.28"]
[Round "4.16"]
[White "Sierra Soria, Maria"]
[Black "Arias Cusio, Oscar"]
[Result "1/2-1/2"]
[WhiteElo "1864"]
[BlackElo "1761"]
[PlyCount "45"]
[EventDate "2013.04.07"]
[EventType "swiss"]
[EventRounds "9"]
[EventCountry "ESP"]
[Source "lmi"]
[SourceDate "2013.04.07"]

1. e4 d6 2. d4 Nf6 3. Nc3 g6 4. Nf3 Bg7 5. Be3 c6 6. Qd2 O-O 7. Bd3 Qc7 8. Ne2
Nbd7 9. Ng3 c5 10. c3 b5 11. Bxb5 Rb8 12. Bd3 c4 13. Be2 Bb7 14. Qc2 Ng4 15.
Bg5 e5 16. Nd2 exd4 17. Nxc4 Nge5 18. cxd4 Nxc4 19. Bxc4 Kh8 20. Be3 d5 21. Bd3
Qb6 22. e5 Rfc8 23. Qe2 1/2-1/2

[Event "20. Torneo San Viator 2013"]
[Site "Madrid ESP"]
[Date "2013.04.28"]
[Round "4.17"]
[White "Perez Bruni, Alfredo"]
[Black "Ore Leon, Gustavo"]
[Result "0-1"]
[WhiteElo "1836"]
[BlackElo "1856"]
[PlyCount "114"]
[EventDate "2013.04.07"]
[EventType "swiss"]
[EventRounds "9"]
[EventCountry "ESP"]
[Source "lmi"]
[SourceDate "2013.04.07"]

1. e4 c5 2. c3 d5 3. e5 Nc6 4. d4 e6 5. Nf3 Bd7 6. Bd3 Rc8 7. O-O Qb6 8. Ng5 g6
9. Qf3 Nd8 10. Qf4 Bh6 11. dxc5 Qxc5 12. Be3 Qe7 13. Qg3 Nc6 14. Nh3 Bxe3 15.
fxe3 Nh6 16. Qf4 Nf5 17. g4 Qh4 18. Ng5 h6 19. Nf3 Qh3 20. gxf5 gxf5 21. Qg3
Qh5 22. Kf2 Ke7 23. Qh4+ Qxh4+ 24. Nxh4 Nxe5 25. Be2 Rhg8 26. Nd2 Rg7 27. Rg1
Rcg8 28. Rxg7 Rxg7 29. Rg1 Rxg1 30. Kxg1 Kd6 31. Kf2 a6 32. Nhf3 Ng4+ 33. Kg3
Nxe3 34. Nh4 e5 35. Bh5 f4+ 36. Kf3 Be6 37. a4 Nd1 38. c4 Nxb2 39. cxd5 Kxd5
40. a5 Nd3 41. Ng2 f5 42. Ke2 e4 43. Ne1 Nb4 44. Kd1 Nc6 45. Nb3 Kc4 46. Kc2
Kb4 47. Nc1 Nxa5 48. Kd2 Nc4+ 49. Ke2 Ne5 50. Nc2+ Kc3 51. Kd1 a5 52. Ne2+ Kb2
53. Nxf4 Bb3 54. Ne2 Bxc2+ 55. Ke1 Nf3+ 56. Bxf3 exf3 57. Nd4 Be4 0-1

[Event "20. Torneo San Viator 2013"]
[Site "Madrid ESP"]
[Date "2013.04.28"]
[Round "4.21"]
[White "Bermejo Jimenez, Adolfo"]
[Black "Uceda Martinez, Jacinto"]
[Result "0-1"]
[WhiteElo "1396"]
[BlackElo "1854"]
[PlyCount "66"]
[EventDate "2013.04.07"]
[EventType "swiss"]
[EventRounds "9"]
[EventCountry "ESP"]
[Source "lmi"]
[SourceDate "2013.04.07"]

1. e4 c5 2. Bc4 e6 3. Nf3 Be7 4. O-O Nc6 5. Qe2 a6 6. a3 d6 7. d3 Nf6 8. Rd1 b5
9. Ba2 O-O 10. Be3 Qc7 11. Qd2 Bb7 12. Nc3 Rfd8 13. Bf4 Qd7 14. Re1 Rac8 15.
Rad1 d5 16. exd5 Nxd5 17. Nxd5 exd5 18. Qe2 Bf6 19. Ne5 Bxe5 20. Bxe5 Re8 21.
f4 f6 22. Qf3 fxe5 23. Bxd5+ Kh8 24. Bxc6 Bxc6 25. Qg3 Qd4+ 26. Qf2 Qxf2+ 27.
Kxf2 exf4 28. Re2 Rxe2+ 29. Kxe2 Bxg2 30. Kf2 Bc6 31. Re1 Re8 32. Rxe8+ Bxe8
33. Kf3 g5 0-1

[Event "20. Torneo San Viator 2013"]
[Site "Madrid ESP"]
[Date "2013.04.28"]
[Round "4.22"]
[White "Del Noval Nemeshazi, Nesztor"]
[Black "Cazorla Munoz, Francisco"]
[Result "0-1"]
[WhiteElo "1299"]
[BlackElo "1735"]
[PlyCount "22"]
[EventDate "2013.04.07"]
[EventType "swiss"]
[EventRounds "9"]
[EventCountry "ESP"]
[Source "lmi"]
[SourceDate "2013.04.07"]

1. d4 Nf6 2. c4 e6 3. Bg5 c5 4. e3 cxd4 5. exd4 Be7 6. Nc3 Qa5 7. Nge2 Qxg5 8.
g3 Nc6 9. h4 Qf5 10. Nb5 O-O 11. Nf4 Bb4+ 0-1

[Event "20. Torneo San Viator 2013"]
[Site "Madrid ESP"]
[Date "2013.04.28"]
[Round "4.23"]
[White "Yaniz Lana, Francisco Javier"]
[Black "Villarroya Samaniego, Javier"]
[Result "1-0"]
[WhiteElo "1653"]
[BlackElo "1267"]
[PlyCount "83"]
[EventDate "2013.04.07"]
[EventType "swiss"]
[EventRounds "9"]
[EventCountry "ESP"]
[Source "lmi"]
[SourceDate "2013.04.07"]

1. d4 f5 2. Nf3 Nf6 3. g3 e6 4. Bg2 d5 5. O-O c6 6. c4 Bd6 7. Nc3 O-O 8. Qc2
Qe8 9. cxd5 cxd5 10. a4 a6 11. a5 Nc6 12. Bd2 Bc7 13. Na4 Qd8 14. b4 Ne4 15.
Be1 Bd7 16. e3 Rc8 17. Rb1 Na7 18. Nc3 Nb5 19. Rb3 Nbxc3 20. Bxc3 Ba4 21. Rfb1
Bxb3 22. Rxb3 Rf7 23. Qe2 Bd6 24. Bb2 Rfc7 25. h4 Qe7 26. b5 axb5 27. Qxb5 Qd7
28. Qb6 Qc6 29. Qxc6 bxc6 30. Ba3 Bxa3 31. Rxa3 Ra7 32. a6 h6 33. Kh2 Nxf2 34.
Ra2 Ne4 35. Ne5 c5 36. Bf1 cxd4 37. exd4 Nd6 38. Ng6 Nb5 39. Bxb5 Rb8 40. Be2
Kf7 41. Ne5+ Kf8 42. Nc6 1-0

[Event "20. Torneo San Viator 2013"]
[Site "Madrid ESP"]
[Date "2013.04.28"]
[Round "4.26"]
[White "Mateos Cordero, Francisco"]
[Black "Lopez Benitez, David"]
[Result "0-1"]
[WhiteElo "1556"]
[BlackElo "1746"]
[PlyCount "114"]
[EventDate "2013.04.07"]
[EventType "swiss"]
[EventRounds "9"]
[EventCountry "ESP"]
[Source "lmi"]
[SourceDate "2013.04.07"]

1. d4 Nf6 2. c4 g6 3. Nc3 Bg7 4. Nf3 O-O 5. e3 d6 6. Be2 Nbd7 7. O-O c5 8. Qc2
cxd4 9. exd4 a6 10. a4 Qc7 11. Be3 Nb6 12. b3 Bf5 13. Bd3 e6 14. Bxf5 exf5 15.
Rac1 h6 16. d5 Nbd7 17. Rfe1 Rae8 18. Bd4 Qa5 19. Rxe8 Rxe8 20. h3 Nc5 21. Bxc5
Qxc5 22. Ne1 Ne4 23. Nxe4 Rxe4 24. Nf3 Qb4 25. Kf1 a5 26. Re1 Qc3 27. Qxc3 Bxc3
28. Rxe4 fxe4 29. Ng1 Kf8 30. Ke2 Bd4 31. Kf1 Ke7 32. Ne2 Be5 33. Ke1 Kd7 34.
Kd2 Kc7 35. f3 exf3 36. gxf3 Kb6 37. Kc2 Kc5 38. Kd3 Kb4 39. Kc2 g5 40. Nc1 Kc5
41. Kd3 f5 42. Ne2 h5 43. Ng1 g4 44. fxg4 fxg4 45. hxg4 hxg4 46. Ke4 Kb4 47.
Kf5 g3 48. Nf3 g2 49. Ke6 Kc5 50. Kd7 Bh2 51. Kc7 b6 52. Kd7 g1=Q 53. Nxg1 Bxg1
54. Ke6 Bh2 55. Kd7 Kb4 56. Kc6 Kxb3 57. Kb5 Bg1 0-1

[Event "20. Torneo San Viator 2013"]
[Site "Madrid ESP"]
[Date "2013.04.28"]
[Round "4.30"]
[White "Roman Garcia, Jose Luis"]
[Black "Rodriguez Varela, Alvaro"]
[Result "0-1"]
[WhiteElo "1490"]
[BlackElo "1751"]
[PlyCount "62"]
[EventDate "2013.04.07"]
[EventType "swiss"]
[EventRounds "9"]
[EventCountry "ESP"]
[Source "lmi"]
[SourceDate "2013.04.07"]

1. e4 e5 2. Nf3 Nc6 3. Bc4 Nf6 4. Ng5 d5 5. exd5 Na5 6. Bb5+ c6 7. dxc6 bxc6 8.
Be2 h6 9. Nf3 e4 10. Ne5 Bd6 11. Nc4 Nxc4 12. Bxc4 O-O 13. O-O Bxh2+ 14. Kh1
Bc7 15. Be2 Qd6 16. g3 Qe6 17. d3 Qh3+ 18. Kg1 Bxg3 19. fxg3 Qxg3+ 20. Kh1 Qh4+
21. Kg1 Qg3+ 22. Kh1 Ng4 23. Bxg4 Bxg4 24. Qe1 Bf3+ 25. Rxf3 Qxf3+ 26. Kg1 Rae8
27. Nd2 Qg4+ 28. Kh2 exd3 29. Qf1 Re2+ 30. Kh1 Qh4+ 31. Kg1 Qh2# 0-1

[Event "20. Torneo San Viator 2013"]
[Site "Madrid ESP"]
[Date "2013.04.28"]
[Round "4.31"]
[White "Mosteiro Montoro, Alvaro"]
[Black "Del Noval Perez, Jeronimo"]
[Result "1-0"]
[WhiteElo "1680"]
[BlackElo "1435"]
[PlyCount "63"]
[EventDate "2013.04.07"]
[EventType "swiss"]
[EventRounds "9"]
[EventCountry "ESP"]
[Source "lmi"]
[SourceDate "2013.04.07"]

1. d4 Nf6 2. c4 g6 3. Nc3 Bg7 4. e4 d6 5. Nf3 O-O 6. h3 c5 7. d5 e6 8. Bd3 exd5
9. cxd5 Re8 10. O-O a6 11. Bg5 h6 12. Bh4 Nbd7 13. a4 b6 14. Re1 Bb7 15. Bg3
Qc7 16. Nd2 Nh5 17. Bh2 Ne5 18. Be2 Nf6 19. f4 Ned7 20. Bf3 Nh7 21. Nc4 f6 22.
e5 fxe5 23. fxe5 Nxe5 24. Nxe5 Bxe5 25. Bxe5 Rxe5 26. Rxe5 dxe5 27. d6 Bxf3 28.
dxc7 Bxd1 29. Rxd1 Rc8 30. Rd8+ Nf8 31. Rxc8 Kf7 32. Rxf8+ 1-0

[Event "20. Torneo San Viator 2013"]
[Site "Madrid ESP"]
[Date "2013.04.28"]
[Round "4.32"]
[White "Di Pietro Moreno, Fatima"]
[Black "Moreno Sanchez, Guillermo"]
[Result "0-1"]
[WhiteElo "1287"]
[BlackElo "1664"]
[PlyCount "54"]
[EventDate "2013.04.07"]
[EventType "swiss"]
[EventRounds "9"]
[EventCountry "ESP"]
[Source "lmi"]
[SourceDate "2013.04.07"]

1. e4 c5 2. Nf3 d6 3. d4 cxd4 4. Nxd4 Nf6 5. Nc3 a6 6. Bc4 e6 7. Bb3 b5 8. O-O
Bb7 9. Qf3 b4 10. Na4 Bxe4 11. Qg3 Be7 12. f3 Bg6 13. Be3 e5 14. Ne2 Nbd7 15.
Rad1 Rc8 16. h4 O-O 17. c3 Nh5 18. Qh3 bxc3 19. Naxc3 Nc5 20. g4 Nxb3 21. axb3
Nf4 22. Nxf4 exf4 23. Bxf4 Qb6+ 24. Kh1 Qxb3 25. Bxd6 Bxd6 26. Rxd6 Qxb2 27. f4
Rxc3 0-1

[Event "20. Torneo San Viator 2013"]
[Site "Madrid ESP"]
[Date "2013.04.28"]
[Round "4.33"]
[White "Castro Uceda, Jose Antonio"]
[Black "Reyes Penas, Sebastian"]
[Result "1-0"]
[WhiteElo "1642"]
[BlackElo "1415"]
[PlyCount "63"]
[EventDate "2013.04.07"]
[EventType "swiss"]
[EventRounds "9"]
[EventCountry "ESP"]
[Source "lmi"]
[SourceDate "2013.04.07"]

1. d4 d5 2. c4 e6 3. e3 f5 4. Nf3 c6 5. Ne5 Nf6 6. Nc3 Bd6 7. Nf3 O-O 8. Bd3
Ne4 9. O-O Nd7 10. c5 Bc7 11. Qc2 Ndf6 12. h3 Kh8 13. b4 a6 14. Bb2 Bb8 15. a4
Qc7 16. b5 Ng5 17. Ne5 Nd7 18. Ne2 Nxe5 19. dxe5 Qf7 20. Nf4 Ne4 21. Qe2 Qe7
22. Bxe4 fxe4 23. Qh5 Kg8 24. b6 g5 25. Ne2 Qg7 26. f4 h6 27. fxg5 hxg5 28.
Rxf8+ Kxf8 29. Rf1+ Ke7 30. Rf6 Bd7 31. Rg6 Qf7 32. Qxg5+ 1-0

[Event "20. Torneo San Viator 2013"]
[Site "Madrid ESP"]
[Date "2013.04.28"]
[Round "4.34"]
[White "Algaba Traspuesto, Jose Antonio"]
[Black "Jimenez Perez, Federico"]
[Result "1-0"]
[WhiteElo "1638"]
[BlackElo "1323"]
[PlyCount "79"]
[EventDate "2013.04.07"]
[EventType "swiss"]
[EventRounds "9"]
[EventCountry "ESP"]
[Source "lmi"]
[SourceDate "2013.04.07"]

1. d4 d6 2. Bf4 Nf6 3. e3 Nbd7 4. Nf3 e5 5. dxe5 dxe5 6. Nxe5 Be7 7. Bc4 O-O 8.
O-O Nxe5 9. Bxe5 Qxd1 10. Rxd1 Bf5 11. Bb3 Rad8 12. Nc3 c6 13. h3 h5 14. Kf1 b5
15. a3 a5 16. Rxd8 Rxd8 17. Bc7 Ra8 18. a4 b4 19. Ne2 c5 20. c4 bxc3 21. Nxc3
Be6 22. Bxe6 fxe6 23. f3 Nd5 24. Nxd5 exd5 25. Rd1 Ra7 26. Be5 c4 27. Rxd5 Rb7
28. Bc3 Bb4 29. Rb5 Rd7 30. Bxb4 axb4 31. Rxb4 Rd1+ 32. Ke2 Rc1 33. a5 c3 34.
bxc3 Rxc3 35. Ra4 Rc2+ 36. Kd3 Rxg2 37. a6 Rg6 38. a7 Rd6+ 39. Ke2 Rd8 40. Rb4
1-0

[Event "20. Torneo San Viator 2013"]
[Site "Madrid ESP"]
[Date "2013.04.28"]
[Round "4.35"]
[White "Casado Salvo, Jose Maria"]
[Black "Rendo Quindos, Pedro"]
[Result "1-0"]
[WhiteElo "1758"]
[BlackElo "1606"]
[PlyCount "63"]
[EventDate "2013.04.07"]
[EventType "swiss"]
[EventRounds "9"]
[EventCountry "ESP"]
[Source "lmi"]
[SourceDate "2013.04.07"]

1. f4 d5 2. e3 Nf6 3. Nf3 Nc6 4. d4 Bg4 5. Be2 e6 6. O-O Bd6 7. Nbd2 Qe7 8. Ne5
Bxe2 9. Qxe2 Nd7 10. c4 Bxe5 11. fxe5 dxc4 12. Qxc4 Nb6 13. Qe2 Nd5 14. a3
O-O-O 15. Nf3 f6 16. e4 Nb6 17. Rd1 fxe5 18. Bg5 Nxd4 19. Rxd4 Qc5 20. Bxd8
Rxd8 21. b4 Qc3 22. Rxd8+ Kxd8 23. Rd1+ Ke7 24. Qd3 Qb2 25. Qd8+ Kf7 26. Ng5+
Kg6 27. Nxe6 Qe2 28. Qg5+ Kf7 29. Qf5+ Ke7 30. Rf1 Qe3+ 31. Kh1 Nd7 32. Qg5+
1-0

[Event "20. Torneo San Viator 2013"]
[Site "Madrid ESP"]
[Date "2013.04.28"]
[Round "4.36"]
[White "Gil Calvente, Jose Antonio"]
[Black "Arias Martinez, Ivan"]
[Result "1/2-1/2"]
[WhiteElo "1597"]
[BlackElo "1766"]
[PlyCount "153"]
[EventDate "2013.04.07"]
[EventType "swiss"]
[EventRounds "9"]
[EventCountry "ESP"]
[Source "lmi"]
[SourceDate "2013.04.07"]

1. e4 c5 2. Nf3 d6 3. d4 cxd4 4. Nxd4 Nf6 5. Nc3 a6 6. f3 e5 7. Nb3 Be6 8. Nd5
Nxd5 9. exd5 Bf5 10. Bd3 Bxd3 11. Qxd3 Be7 12. Be3 Nd7 13. O-O-O Bg5 14. Kb1
Bxe3 15. Qxe3 Rc8 16. h4 Qc7 17. Rd2 Nc5 18. h5 h6 19. g4 f6 20. Nc1 a5 21. Ne2
b5 22. Ng3 O-O 23. Nf5 Rfe8 24. Rg2 b4 25. Nxh6+ gxh6 26. Qxh6 Qg7 27. Qe3 Qg5
28. Qf2 Kf7 29. h6 Rh8 30. Rh5 Qg6 31. Rgh2 Rh7 32. Qe3 Rg8 33. Kc1 Ke7 34.
R2h4 Kd7 35. Qe2 Qf7 36. Qb5+ Ke7 37. Qxa5 Qxd5 38. Qa7+ Qb7 39. Qxb7+ Nxb7 40.
Kd2 Rg5 41. c3 bxc3+ 42. Kxc3 Kf7 43. Rxg5 fxg5 44. Rh2 Kg6 45. b4 Nd8 46. Kc4
Nf7 47. a4 Nxh6 48. b5 Rc7+ 49. Kd5 Nf7 50. b6 Rc5+ 51. Ke6 Nd8+ 52. Kxd6 Nb7+
53. Kd7 Rc3 54. Ra2 Rc5 55. Rd2 Kf7 56. Rh2 Kg6 57. Rh8 Na5 58. Rc8 Rd5+ 59.
Ke6 Rd4 60. Kxe5 Rxa4 61. Rg8+ Kf7 62. Rxg5 Nb7 63. Rf5+ Kg7 64. Ke6 Kg6 65.
Rd5 Rf4 66. Rf5 Rb4 67. Rf6+ Kg5 68. Ke7 Kh4 69. Kd7 Rc4 70. Rc6 Ra4 71. Kc7
Na5 72. Rc5 Kg3 73. b7 Nxb7 74. Kxb7 Kxf3 75. g5 Rg4 76. Kc6 Kf4 77. Rc4+
1/2-1/2

[Event "20. Torneo San Viator 2013"]
[Site "Madrid ESP"]
[Date "2013.04.28"]
[Round "4.44"]
[White "Trapero Bueno, Vicente"]
[Black "Torrecillas Adan, Luis"]
[Result "0-1"]
[WhiteElo "1330"]
[BlackElo "1788"]
[PlyCount "60"]
[EventDate "2013.04.07"]
[EventType "swiss"]
[EventRounds "9"]
[EventCountry "ESP"]
[Source "lmi"]
[SourceDate "2013.04.07"]

1. d4 d5 2. c4 Nf6 3. cxd5 Nxd5 4. e4 Nb6 5. Nf3 e6 6. Nc3 Bb4 7. Be2 c6 8. O-O
O-O 9. e5 Be7 10. Bd3 c5 11. Bc2 Nc6 12. Be3 cxd4 13. Bxd4 Nxd4 14. Qxd4 Qxd4
15. Nxd4 Nc4 16. Nf3 Nxb2 17. a4 Nc4 18. Ne4 Bd7 19. Rfe1 Rac8 20. Neg5 h6 21.
Ne4 a5 22. Ned2 Nxd2 23. Red1 Nxf3+ 24. gxf3 Bc6 25. Be4 Bxe4 26. fxe4 Rc4 27.
f3 Rd8 28. Rdb1 Bc5+ 29. Kg2 Bd4 30. Rxb7 Bxa1 0-1